000 00675 a2200193 4500
010 _aENG-88990
020 _c625.00
_a8180280306
035 _aEN-72523
037 _bDBAD / PUB
082 1 4 _a884.08
090 _c9811
_d9811
100 _aChoudhury, Sheila Lahiri
245 1 0 _aAn alternative gaze :
_cby Sheila Lahiri Choudhury
_bessays on D.H. Lawrence /
260 _aNew Delhi
_bChronicle Books (DC Publishers)
_c2008
270 _aS-7 & 8, Green Park Main Market,
_bNew Delhi
_e110 016
300 _avi, 205p.
_c22 cm (Hb)
942 _adpl
_cEN
_k884.08 / CHO
999 _c9632
_d9632